书目信息 |
| 题名: |
山羊草物种高分子量麦谷蛋白基因的分子克隆
|
|
| 作者: | 颜泽洪, 著 | |
| 分册: | ||
| 出版信息: | 北京 高等教育出版社 2005.11 |
|
| 页数: | 122页 | |
| 开本: | 21cm | |
| 丛书名: | ||
| 单 册: | ||
| 中图分类: | Q943.2 | |
| 科图分类: | ||
| 主题词: | 分子遗传学--fen zi yi chuan xue , 山羊草属--shan yang cao shu--分子遗传学 | |
| 电子资源: | ||
| ISBN: | 7-04-018177-0 | |
| 000 | 01378nam0 2200325 450 | |
| 000 | 01404nam0 2200325 450 | |
| 000 | 01367nam0 2200313 450 | |
| 000 | 01350nam0 2200313 450 | |
| 000 | 01313nam0 2200301 450 | |
| 001 | CAL 012006006306 | |
| 005 | 20061031100224.00 | |
| 010 | @a7-04-018177-0@dCNY10.60 | |
| 099 | @aCAL 012006006306 | |
| 100 | @a20060825d2005 em y0chiy0120 ea | |
| 101 | 0 | @achi@deng |
| 102 | @aCN@b110000 | |
| 105 | @ay a 000yy | |
| 200 | 1 | @a山羊草物种高分子量麦谷蛋白基因的分子克隆@Ashan yang cao wu zhong gao fen zi liang mai gu dan bai ji yin de fen zi ke long@d= Molecular cloning of high molecular weight glutenin subunit genes from ageilops species@f颜泽洪[著]@zeng |
| 210 | @a北京@c高等教育出版社@d2005.11 | |
| 215 | @a122页@d21cm | |
| 314 | @a颜泽洪(1970-), 四川农业大学小麦研究所工作, 著有《山羊草物种高分子量麦谷蛋白基因的分子克隆》等。 | |
| 320 | @a有书目 (第103-120页) | |
| 330 | @a本书包括: 高分子量麦谷蛋白基因的等位变异类型及染色体定位; 高分子量麦谷蛋白基因等位变异与品质的关系等。 | |
| 510 | 1 | @aMolecular cloning of high molecular weight glutenin subunit genes from ageilops species@zeng |
| 606 | 0 | @a分子遗传学@Afen zi yi chuan xue |
| 606 | 0 | @a山羊草属@Ashan yang cao shu@x分子遗传学 |
| 690 | @aQ943.2@v4 | |
| 701 | 0 | @a颜泽洪,@Ayan ze hong@f1970-@4著 |
| 801 | 0 | @aCN@c20061031 |
| 905 | @apdsgxy@dQ943.2@eY109 | |
| 山羊草物种高分子量麦谷蛋白基因的分子克隆= Molecular cloning of high molecular weight glutenin subunit genes from ageilops species/颜泽洪[著].-北京:高等教育出版社,2005.11 |
| 122页;21cm |
| ISBN 7-04-018177-0:CNY10.60 |
| 本书包括: 高分子量麦谷蛋白基因的等位变异类型及染色体定位; 高分子量麦谷蛋白基因等位变异与品质的关系等。 |
| ● |
| 相关链接 |
|
|
|
正题名:山羊草物种高分子量麦谷蛋白基因的分子克隆
索取号:Q943.2/Y109
 
预约/预借
| 序号 | 登录号 | 条形码 | 馆藏地/架位号 | 状态 | 备注 |
| 1 | 634020 | 206340208 | 自科库401/401自科库 34排4列4层/ [索取号:Q943.2/Y109] | 在馆 | |
| 2 | 634021 | 206340217 | 自科库401/401自科库 34排4列4层/ [索取号:Q943.2/Y109] | 在馆 | |
| 3 | 634022 | 206340226 | 自科库401/401自科库 34排4列4层/ [索取号:Q943.2/Y109] | 在馆 |